000 00399 a2200145 4500
999 _c4869
_d4869
020 _a9788131427286
050 _aP95.8MED2012
100 _aKhadpekar, Nirmala Rao
_eeditor
245 _aMedia and democracy /
_cedited by Nirmala Rao Khadpekar
264 _aTripura
_bIcfai Books
_c2012
300 _a155p.
500 _aIncludes index
650 _aMedia--- democracy
942 _2lcc
_cBK
_h95.8
_iMED
_kP